=LDR 00000nam 2200000 4500 =001 INLIS000000000040081 =005 20130612145652 =008 ***********************************Ind** =035 ##$$0010-061300000040081 =041 ##$$a Ind =082 ##$$a 616.238 =090 ##$$a 616.238, Sin a.7 =100 ##$$a Dr.Chris Sinclair =245 ##$$a Kesehatan Populer, Asma =260 ##$$a 1990 $b Jakarta =300 ##$$a viii,133 hlm, 12,5 x 19 cm =850 ##$$a NBPNMAT